00646nam a2200133 a 450000100100000000500170001000800410002704000250006824501380009326000460023130000350027795201830031299900170049500004620520201002052715.0150706s2000 dr ac 000 0 spa d aDO-SdBNPbspacBNPHU00aToma de posesión, Presidente y vicepresidente Hipolito Mejía, Milagros María Ortiz Bosch :bprograma presidencial de gala 2000. aSanto Domingo :bEditora Manatí,c2000. a16 p. :bil., retrs. ;c22 cm. 0010718PDaPDbPDcHDd2015-07-06iLF1l0o p46205-10r2020-06-25w2020-06-25yLFPDzPerteneció a la biblioteca personal de Chiqui Vicioso / Fidelio Despradel.ZNo se presta c45694d45694